000 01657nam a2200301Ia 4500
999 _c44972
_d44972
001 11793
003 GE_BSU
005 20240626113324.0
008 181216s2014||||ge |||||||||||||| ||geo||
020 _a9729941114625
040 _cGE_BSU
041 _ageo
080 _a616.896 ბ–45
100 _aბელასენი, მარკ
_922582
245 _aაუტისტი ბავშვი :
_bსახელმძღვ. მშობლებისთვის /
_cმარკ ბელასენი, ოლგა შავერნე ; მთარგმნ. ნინო ზარდიაშვილი [და სხვ.] ; რედ. : ლალი ჭინჭარაული, სოლომონ ნოზაძე.
264 _aთბილისი :
_bდიოგენე,
_c2014.
300 _a309 გვ. ;
_c19 სმ.
504 _aბიბლიოგრაფია ტექსტები შენიშვნებში
630 _l
_922583
653 _aაუტისტი ბავშვი
700 _aშავერნე, ოლგა
_eავტორი
_922584
700 _aზარდიაშვილი, ნინო
_eმთარგმნელი
_922585
700 _aტარასაშვილი, მარინე
_eმთარგმნელი
_922586
700 _aთავბერიძე, ირინა
_eმთარგმნელი
_922587
700 _aჭინჭარაული, ლალი
_eრედაქტორი
_912259
700 _aნოზაძე, სოლომონ
_eრედაქტორი
_922588
942 _cBK
_2udc